Statesman's yearbook: The essential political and economic guide to all the countries of the world 1998-1999 (Record no. 41538)

MARC details
000 -LEADER
fixed length control field 00350nam a2200109Ia 4500
082 ## - DEWEY DECIMAL CLASSIFICATION NUMBER
Classification number 058STA
Item number STA
245 #0 - TITLE STATEMENT
Title Statesman's yearbook: The essential political and economic guide to all the countries of the world 1998-1999
260 ## - PUBLICATION, DISTRIBUTION, ETC. (IMPRINT)
Place of publication London
Name of publisher Macmillan
Year of publication 1998
700 ## - ADDED ENTRY--PERSONAL NAME
Personal name Turner, Barry
942 ## - ADDED ENTRY ELEMENTS (KOHA)
Koha item type Books
Holdings
Withdrawn status Lost status Damaged status Not for loan Home library Current library Date acquired Cost, normal purchase price Full call number Accession Number Koha item type
        RRII Library RRII Library 16/12/2021 50.00 058STA STA 21824 Books